000 00407 a2200157 4500
005 20250629151115.0
020 _a978-0-691-17841-7
082 _a332.42 BRU
100 _aBRUNNERMEIER,M.K.
245 _aThe Euro and the Battle of Ideas
260 _aNew Jersey,
_bPrinceton University Press,
_c2016.
300 _a442p.
_c24cm
700 _aJames,Harold
700 _aLandau,Jean-Pierre
942 _2ddc
_cBKS
999 _c6424
_d6424